000
00193 a2200097 4500
020
_a
97804405
041
_a
eng
100
_a
Diana Gabaldon
245
_a
A breath of snow and ashes
942
_c
BK
999
_c
16424
_d
16424